Harry Potter Characters in Chapter Titles - Statistics

General Stats
  • This quiz has been taken 95 times
  • The average score is 54 of 134
Answer Stats
Book Chapter Title Character Name % Correct
The Boy Who Lived Harry Potter
93%
Flight of the Prince | Snape Victorious | Snape's Grudge | +4 others Severus Snape
83%
Hagrid's Tale | The Keeper of Keys Hagrid
80%
The Life and Lies of Albus Dumbledore | The Only One He Ever Feared | The Will of Albus Dumbledore Albus Dumbledore
73%
Cat, Rat, and Dog | Moony, Wormtail, Padfoot and Prongs | Padfoot Returns | Percy and Padfoot Sirius Black
73%
The Heir of Slytherin Voldemort/Tom Riddle
70%
Harry Potter and the Chamber of Secrets Dobby's Reward | Dobby's Warning Dobby
67%
Moony, Wormtail, Padfoot and Prongs | The Servant of Lord Voldemort Peter Pettigrew
67%
Cat, Rat, and Dog Scabbers/Peter Pettigrew
67%
Harry Potter and the Philosopher's Stone The Boy Who Lived The Boy Who Lived
67%
Fallen Warrior | Mad-Eye Moody Alastor Moody
63%
Harry Potter and the Order of the Phoenix Dudley Demented Dudley Dursley
63%
Draco's Detour Draco Malfoy
60%
Moony, Wormtail, Padfoot and Prongs Remus Lupin
60%
Lord Voldemort's Request | The Dark Lord Ascending | The Only One He Ever Feared Voldemort
60%
Cornelius Fudge Cornelius Fudge
57%
Hermione's Helping Hand | Hermione's Secret Hermione Granger
57%
Moony, Wormtail, Padfoot and Prongs James Potter
57%
The Man with Two Faces Quirinus Quirrell
57%
Bagman and Crouch | The Madness of Mr Crouch Barty Crouch Sr.
53%
Percy and Padfoot Percy Weasley
53%
Detention with Dolores | Professor Umbridge | The Hogwarts High Inquisitor Dolores Umbridge
50%
Gilderoy Lockhart Gilderoy Lockhart
50%
Harry Potter and the Prisoner of Azkaban Aunt Marge's Big Mistake Marge Dursley
50%
The Woes of Mrs Weasley Molly Weasley
50%
The Man with Two Faces The Man with Two Faces
47%
The Potions Master The Potions Master
47%
Harry Potter and the Goblet of Fire Bagman and Crouch Ludo Bagman
43%
Luna Lovegood Luna Lovegood
43%
Nicolas Flamel Nicolas Flamel
43%
Horace Slughorn Horace Slughorn
40%
Mad-Eye Moody Mad-Eye Moody
40%
Nicolas Flamel Nicolas Flamel
40%
Cornelius Fudge Cornelius Fudge
37%
Kreacher's Tale Kreacher
37%
Norbert the Norwegian Ridgeback Norbert
37%
Rita Skeeter's Scoop | The Beetle at Bay Rita Skeeter
37%
Professor Trelawney's Prediction | The Seer Overheard Sybill Trelawney
37%
Xenophilius Lovegood Xenophilius Lovegood
37%
Aragog Aragog
33%
Dudley Demented Dudley Demented
33%
An Excess of Phlegm Fleur Delacour
33%
Gilderoy Lockhart Gilderoy Lockhart
33%
Luna Lovegood Luna Lovegood
33%
The Keeper of Keys The Keeper of Keys
33%
Bagman and Crouch Bagman and Crouch
30%
Cat, Rat, and Dog Cat, Rat, and Dog
30%
Cat, Rat, and Dog Crookshanks
30%
Dobby's Reward Dobby's Reward
30%
Dobby's Warning Dobby's Warning
30%
Hermione's Secret Hermione's Secret
30%
Moony, Wormtail, Padfoot and Prongs Moony, Wormtail, Padfoot and Prongs
30%
Norbert the Norwegian Ridgeback Norbert the Norwegian Ridgeback
30%
Padfoot Returns Padfoot Returns
30%
The Heir of Slytherin The Heir of Slytherin
30%
The Servant of Lord Voldemort The Servant of Lord Voldemort
30%
Aunt Marge's Big Mistake Aunt Marge's Big Mistake
27%
Hagrid's Tale Hagrid's Tale
27%
Horace Slughorn Horace Slughorn
27%
Professor Umbridge Professor Umbridge
27%
The Madness of Mr Crouch The Madness of Mr Crouch
27%
Bathilda's Secret Bathilda Bagshot
23%
Detention with Dolores Detention with Dolores
23%
Flight of the Fat Lady Fat Lady
23%
The Centaur and the Sneak Firenze
23%
The Centaur and the Sneak Marietta Edgecombe
23%
Percy and Padfoot Percy and Padfoot
23%
Rita Skeeter's Scoop Rita Skeeter's Scoop
23%
The Beetle at Bay The Beetle at Bay
23%
The Hogwarts High Inquisitor The Hogwarts High Inquisitor
23%
The Woes of Mrs Weasley The Woes of Mrs Weasley
23%
Fallen Warrior Fallen Warrior
20%
Flight of the Fat Lady Flight of the Fat Lady
20%
Grawp Grawp
20%
Snape's Grudge Snape's Grudge
20%
The Centaur and the Sneak The Centaur and the Sneak
20%
The Life and Lies of Albus Dumbledore The Life and Lies of Albus Dumbledore
20%
The Other Minister The Other Minister
20%
The Prince's Tale The Prince's Tale
20%
The Sacking of Severus Snape The Sacking of Severus Snape
20%
An Excess of Phlegm An Excess of Phlegm
17%
Draco's Detour Draco's Detour
17%
The Thief Grindelwald
17%
Hermione's Helping Hand Hermione's Helping Hand
17%
Kreacher's Tale Kreacher's Tale
17%
Harry Potter and the Half-Blood Prince The Other Minister Muggle Prime Minister
17%
Professor Trelawney's Prediction Professor Trelawney's Prediction
17%
Snape's Worst Memory Snape's Worst Memory
17%
The Dark Lord Ascending The Dark Lord Ascending
17%
The Only One He Ever Feared The Only One He Ever Feared
17%
The Seer Overheard The Seer Overheard
17%
Xenophilius Lovegood Xenophilius Lovegood
17%
Flight of the Prince Flight of the Prince
13%
The Ghoul in Pyjamas Ghoul
13%
Snape Victorious Snape Victorious
13%
The Ghoul in Pyjamas The Ghoul in Pyjamas
13%
The Thief The Thief
13%
The Will of Albus Dumbledore The Will of Albus Dumbledore
13%
Bathilda's Secret Bathilda's Secret
10%
Lord Voldemort's Request Lord Voldemort's Request
10%
No matching quizzes found
Score Distribution
Percent of People with Each Score
Percentile by Number Answered
Your Score History
You have not taken this quiz